Normal view
MARC view
- MACHINE COMPONENT DESIGN
Entry Topical Term
001 - CONTROL NUMBER
- control field: 62278
003 - CONTROL NUMBER IDENTIFIER
- control field: NUST
005 - DATE AND TIME OF LATEST TRANSACTION
- control field: 20210628202919.0
008 - FIXED-LENGTH DATA ELEMENTS
- fixed length control field: 210628|| aca||aabn | a|a d
040 ## - CATALOGING SOURCE
- Original cataloging agency: NUST
- Transcribing agency: NUST
150 ## - HEADING--TOPICAL TERM
- Topical term or geographic name entry element: MACHINE COMPONENT DESIGN
670 ## - SOURCE DATA FOUND
- Source citation: Work cat.: (NUST): Juvinall, Robert .C Marshek, Kurt .M 62277, Fundamentals of machine component design, 2006
